000 00440nam a22001817a 4500
003 MPLRDC
005 20220104114640.0
008 210129b ||||| |||| 00| 0 eng d
020 _a7-80074-640-2
082 _a856.9 HLa
100 _a海林
245 _a名人的最后时刻
_c
250 _a一版一刷
260 _a
_b中国华侨出版社
_c1993
300 _b
650 _a函牍及杂著--杂项
942 _cBK
_o856.9 HLa
999 _c9131
_d9121